Coupe du Monde 1930, un joueur, un pays - Statistiques

Statistiques générales
  • Ce quiz a été pris 27 fois
  • Le résultat moyen est 9 sur 13
Statistiques - réponses
Réponse % Correct
Brésil
90%
France
90%
Roumanie
86%
Yougoslavie
86%
Argentine
81%
Uruguay
76%
Belgique
67%
Chili
62%
Mexique
57%
Pérou
52%
Etats-Unis
48%
Bolivie
33%
Paraguay
33%
Aucun quiz correspondant
Distribution des résultats
% des personnes avec chaque résultat
Percentile par nombre de réponses
Votre historique - résultats
Vous n’avez pas pris ce quiz